| 000 | 00000nam 2200000za 4500 |
| 001 | 9.674392 |
| 003 | CaOODSP |
| 005 | 20210624224730 |
| 007 | cr ||||||||||| |
| 008 | 150407s2001 xxc|||||o f|0| 0 fre d |
| 020 | |a0-662-66097-8 |
| 040 | |aCaOODSP|bfre |
| 041 | |aeng |
| 041 | |afre |
| 043 | |an-cn--- |
| 086 | 1 |aS53-29/2001-IN-1 |
| 110 | 1 |aCanada.|bTravaux publics et Services gouvernementaux Canada.|bBureau de la traduction. |
| 245 | 10|aLexique du Gouvernement en direct (GED) |h[ressource électronique] / |c[par] Janeen Johnston-Des Rochers et ichel Des Rochers. |
| 250 | |a2e éd. |
| 260 | |aOttawa : |bTravaux publics et Services gouvernementaux Canada, |c2001. |
| 300 | |a500 p. |
| 500 | |a«...compte environ 450 nouvelles entrées, dont 350 proviennent d'un lexique interne...» -- Introd. |
| 504 | |aBibliographie. |
| 590 | |a06-10|b2006-03-10 |
| 691 | 07|aTerminologie|2gcpds |
| 691 | 07|aInformation gouvernementale|2gcpds |
| 691 | 07|aInformation numérisée|2gcpds |
| 700 | 1 |aJohnston-Des Rochers, Janeen. |
| 700 | 1 |aDes Rochers, Michel. |
| 791 | |tGovernment on-line (GOL) glossary |eeng|w(CaOODSP)9.674391 |
| 856 | 40|ahttp://publications.gc.ca|qPDF|s1.19 Mo|uhttps://publications.gc.ca/collections/Collection/S53-29-2001-1.pdf |